Mal 2 - Statistiken

Allgemein
  • Dieses Quiz wurde 418 mal gespielt
  • Das Durchschnittsergebnis liegt bei 10 aus 15
Antwortstatistiken
1 % Korrekt
2
100%
4
99%
16
98%
8
98%
32
96%
64
95%
128
91%
256
82%
512
72%
1024
63%
2048
53%
4096
37%
8192
21%
16384
9%
32768
4%
Keine übereinstimmenden Quizze gefunden
Verteilung der Resultate
Anzahl Personen mit jedem Resultat
Perzentil nach korrekt beantworteten Fragen
Ihre Resultats-Entwicklung
Sie haben dieses Quiz noch nicht gespielt